| 000 | 01031nam a2200217Ia 4500 | ||
|---|---|---|---|
| 999 |
_c38138 _d38138 |
||
| 001 | 4128 | ||
| 003 | GE_BSU | ||
| 005 | 20190919160923.0 | ||
| 008 | 181216s1986||||ge |||||||||||||| ||geo|| | ||
| 040 | _cGE_BSU | ||
| 041 | _ageo | ||
| 080 | _a398(479.22)(091) ჩ-48 | ||
| 100 |
_aჩიქოვანი, მ. _93977 |
||
| 245 |
_aხალხური შემოქმედების ისტორია და თეორია : _bსაკითხები / _cმ. ჩიქოვანი; რედ. შ. ძიძიგური. |
||
| 264 |
_a თბ. : _bმეცნიერება, _c1986. |
||
| 300 |
_a277 გვ. ; _b21 სმ. |
||
| 653 | _aქართული ფოლკლორის ისტორია, თეორია და კრიტიკა | ||
| 700 |
_aძიძიგური, შ. _eრედაქტორი _92258 |
||
| 710 |
_aშოთა რუსთაველის სახ. ქართული ლიტ-რის ინ-ტი. _94145 |
||
| 942 |
_cBK _2udc |
||